<?xml version="1.0" encoding="UTF-8"?>
<record
    xmlns:xsi="http://www.w3.org/2001/XMLSchema-instance"
    xsi:schemaLocation="http://www.loc.gov/MARC21/slim http://www.loc.gov/standards/marcxml/schema/MARC21slim.xsd"
    xmlns="http://www.loc.gov/MARC21/slim">

  <leader>00582nam a22001817a 4500</leader>
  <controlfield tag="003">OSt</controlfield>
  <controlfield tag="005">20150408113835.0</controlfield>
  <controlfield tag="008">110628t        xxu||||| |||| 00| 0 eng d</controlfield>
  <datafield tag="020" ind1=" " ind2=" ">
    <subfield code="a">9957381903</subfield>
  </datafield>
  <datafield tag="040" ind1=" " ind2=" ">
    <subfield code="a">mu</subfield>
    <subfield code="b">ara</subfield>
    <subfield code="c">mb</subfield>
  </datafield>
  <datafield tag="082" ind1=" " ind2=" ">
    <subfield code="2">21</subfield>
    <subfield code="a">371.95</subfield>
    <subfield code="b">&#x642; &#x645; &#x627;</subfield>
  </datafield>
  <datafield tag="100" ind1=" " ind2=" ">
    <subfield code="a">&#x642;&#x637;&#x646;&#x627;&#x646;&#x64A; &#x60C; &#x645;&#x62D;&#x645;&#x62F; &#x62D;&#x633;&#x646;</subfield>
    <subfield code="9">572</subfield>
  </datafield>
  <datafield tag="245" ind1=" " ind2=" ">
    <subfield code="a">&#x627;&#x633;&#x633; &#x631;&#x639;&#x627;&#x64A;&#x629; &#x648;&#x62A;&#x639;&#x644;&#x64A;&#x645; &#x627;&#x644;&#x645;&#x648;&#x647;&#x648;&#x628;&#x64A;&#x646; &#x648;&#x627;&#x644;&#x645;&#x62A;&#x641;&#x648;&#x642;&#x64A;&#x646;</subfield>
    <subfield code="c">&#x645;&#x62D;&#x645;&#x62F; &#x62D;&#x633;&#x646; &#x642;&#x637;&#x646;&#x627;&#x646;&#x64A;</subfield>
  </datafield>
  <datafield tag="260" ind1=" " ind2=" ">
    <subfield code="a">&#x639;&#x645;&#x627;&#x646;</subfield>
    <subfield code="b">&#x62F;&#x627;&#x631; &#x62C;&#x631;&#x64A;&#x631; &#x644;&#x644;&#x646;&#x634;</subfield>
    <subfield code="c">2011</subfield>
  </datafield>
  <datafield tag="300" ind1=" " ind2=" ">
    <subfield code="a">568 &#x635;</subfield>
    <subfield code="c">24 &#x633;&#x645;</subfield>
  </datafield>
  <datafield tag="650" ind1=" " ind2=" ">
    <subfield code="a">&#x627;&#x644;&#x645;&#x648;&#x647;&#x648;&#x628;&#x648;&#x646;</subfield>
    <subfield code="x">&#x62A;&#x639;&#x644;&#x64A;&#x645;</subfield>
    <subfield code="9">573</subfield>
  </datafield>
  <datafield tag="942" ind1=" " ind2=" ">
    <subfield code="2">ddc</subfield>
    <subfield code="c">BOOK</subfield>
  </datafield>
  <datafield tag="999" ind1=" " ind2=" ">
    <subfield code="c">8694</subfield>
    <subfield code="d">243194</subfield>
  </datafield>
  <datafield tag="952" ind1=" " ind2=" ">
    <subfield code="1">0</subfield>
    <subfield code="2">2013-03-10</subfield>
    <subfield code="4">0</subfield>
    <subfield code="7">0</subfield>
    <subfield code="a">371.95 &#x642; &#x645; &#x627;</subfield>
    <subfield code="d">2011-06-28</subfield>
    <subfield code="h">CL</subfield>
    <subfield code="i">00062293</subfield>
    <subfield code="m">CL</subfield>
    <subfield code="r">2013-03-10 00:00:00</subfield>
    <subfield code="t">BOOK</subfield>
    <subfield code="w">ddc</subfield>
    <subfield code="y">0</subfield>
  </datafield>
  <datafield tag="952" ind1=" " ind2=" ">
    <subfield code="1">0</subfield>
    <subfield code="2">2013-03-10</subfield>
    <subfield code="4">0</subfield>
    <subfield code="7">0</subfield>
    <subfield code="a">371.95 &#x642; &#x645; &#x627;</subfield>
    <subfield code="d">2011-06-28</subfield>
    <subfield code="h">CL</subfield>
    <subfield code="i">00062294</subfield>
    <subfield code="m">CL</subfield>
    <subfield code="r">2013-03-10 00:00:00</subfield>
    <subfield code="t">BOOK</subfield>
    <subfield code="w">ddc</subfield>
    <subfield code="y">0</subfield>
  </datafield>
  <datafield tag="952" ind1=" " ind2=" ">
    <subfield code="1">0</subfield>
    <subfield code="2">2013-03-10</subfield>
    <subfield code="4">0</subfield>
    <subfield code="7">0</subfield>
    <subfield code="a">371.95 &#x642; &#x645; &#x627;</subfield>
    <subfield code="d">2011-06-28</subfield>
    <subfield code="h">SHF</subfield>
    <subfield code="i">00062295</subfield>
    <subfield code="m">CL</subfield>
    <subfield code="q">2022-02-12</subfield>
    <subfield code="r">2022-06-22 00:00:00</subfield>
    <subfield code="t">BOOK</subfield>
    <subfield code="w">ddc</subfield>
    <subfield code="y">2</subfield>
  </datafield>
</record>
